| 000 | 00738cab a2200205 4500 | ||
|---|---|---|---|
| 001 | L136600 | ||
| 008 | 070212n2007 000 0 eng u | ||
| 035 | _a(Sirsi) u136600 | ||
| 041 | 0 | _aeng | |
| 100 | 1 | _aWilloughby, Pat | |
| 245 | 0 | 2 | _aA chance to redress imbalances |
| 260 | _c2007 | ||
| 490 | 0 | 0 |
_aTown & Country Planning _v76(1) January 2007, 20-21(2) |
| 520 | _aLooks at Planning Policy Statement 3 and its potential benefits for helping to boost the delivery of decent homes and living environments that people want. | ||
| 590 | _aKA | ||
| 650 | 2 | 4 | _aPLANNING POLICY STATEMENT 3 |
| 651 | 4 |
_aEngland and Wales _y1543- |
|
| 690 | _aENVIRONMENTAL AND LAND CONSULTANCY-PLANNING AND DEVELOPMENT-PLANNING GUIDANCE | ||
| 942 | _n0 | ||
| 999 |
_c78365 _d78365 |
||